|
|
|
|
| LEADER |
02731nem a2200385 a 4500 |
| 001 |
001064852 |
| 003 |
CZ BrMZK |
| 005 |
20230206090539.0 |
| 007 |
aj|ca||| |
| 008 |
080728s1861 xr |||||||a|||r|0|||gerod |
| 034 |
1 |
|
|a a
|b 72000
|d E0140225
|e E0142618
|f N0495208
|g N0494121
|
| 040 |
|
|
|a BOA001
|b cze
|
| 041 |
0 |
|
|a ger
|a cze
|
| 043 |
|
|
|a e-xr---
|b e-xr-st
|2 czenas
|
| 072 |
|
7 |
|a 913(437)
|x Geografie Česka a Slovenska, reálie, cestování
|2 Konspekt
|9 7
|
| 072 |
|
7 |
|a 912
|x Mapy. Atlasy. Glóby
|9 7
|2 Konspekt
|
| 080 |
|
|
|a (437.312)
|2 MRF
|
| 080 |
|
|
|a (084.3)
|2 MRF
|
| 100 |
1 |
|
|a Wagner, Jan Eduard,
|d 1835-1904
|7 jk01151315
|4 ctg
|
| 245 |
1 |
0 |
|a Karte des Dobřischer Bezirkes im Prager Kreise
|h [kartografický dokument] :
|b zusammengestellt nach den neuesten und verlässlichsten Quellen und herausgegeben zur Gründung von Gemeindebibliotheken in den sämmtlichen Bezirken des prager Kreises = Mapa okresu Dobříšského v Pražském kraji : podle nejnovějších a nejbezpečnějších pramenů sestavena a vydaná k založení obecních knihoven ve veškerych okresích kraje Pražského /
|c in Commission bei Karl André in Prag ; Farbendruck d. lithog. Anst. d. J. Habel, Prag ; J. E. Wagner ryl
|
| 246 |
3 |
1 |
|a Mapa okresu Dobříšského v Pražském kraji :
|b podle nejnovějších a nejbezpečnějších pramenů sestavena a vydana k založení obecních knihoven ve veškerych okresích kraje Pražského
|
| 255 |
|
|
|a Měřítko [1:72 000]. 10,5 cm = 4000 Massstab 1 Wiener Zoll - 1000 Klafter. Míra 1 Vídeňský coul - 1000 sáhu
|c (014°02´25" v.d.--014°26´18" v.d./049°52´08" s.š.--049°41´21" s.š.)
|
| 260 |
|
|
|a V Praze :
|b u Karla Andre,
|c [1861]
|e (Prag :
|f Farbendruck d. lithog. Anstalt d. J. Habel)
|
| 300 |
|
|
|a 1 mapa :
|b litografie, barev. ;
|c 52 x 42 cm, na listu 58 x 48 cm
|
| 500 |
|
|
|a Výzdoba: v levém horním rohu název, v pravém horním rohu parergon s vyobrazením přikrmování zvěře, v levém dolním rohu deska se statistickými údaji, v pravém dolním rohu legenda, Při dolním okraji měřítko
|
| 510 |
4 |
|
|a Roubík, F.: Soupis map českých zemí,
|c II, č. 91
|
| 561 |
|
|
|a Exemplář byl původně uložen spolu s mapami Německého spolku pro historii Moravy a Slezska (Deutsches Verein für die Geschichte Mährens und Schlesiens)
|5 CZ-BrMZK
|
| 651 |
|
7 |
|a Dobříš (Česko : oblast)
|7 ge206765
|2 czenas
|
| 655 |
|
7 |
|a politické a správní mapy
|7 fd133032
|2 czenas
|
| 700 |
1 |
|
|a Habel, Josef,
|d 1823-1873
|7 xx0268667
|4 ltg
|
| 700 |
1 |
|
|a André, Karl,
|d činný 1847-1863
|7 jx20111024001
|4 bsl
|
| 856 |
4 |
1 |
|u http://www.digitalniknihovna.cz/mzk/uuid/uuid:56f36c61-6aef-4104-ad55-2e8bd80e483b
|y Digitalizovaný dokument
|
| 910 |
|
|
|a BOA001
|b Mpa-1208.978
|
| 990 |
|
|
|a MP
|
| 991 |
|
|
|b 201204
|